000 00351 a2200157 4500
001 176492
020 _a
040 _cMagnum
100 _aMurgel Branco, Samuel
240 1 0 _aAgua: origem, uso e preservacao
_lpor
245 1 0 _aAgua: origem, uso e preservacao
362 0 _a1899
440 1 _aModerna
697 _aMAGNITO: GERAL
942 _cBK
999 _c176492
_d176492